Critical perspectives in American literature (Record no. 159050)

MARC details
000 -LEADER
fixed length control field 00383nam a2200145Ia 4500
008 - FIXED-LENGTH DATA ELEMENTS--GENERAL INFORMATION
fixed length control field 230917s9999||||xx |||||||||||||| ||und||
040 ## - CATALOGING SOURCE
-- 200113
Original cataloging agency VIVEKANANDA LIBRARY
041 ## - Language
-- English
082 ## - DDC NUMBER
Classification number 810.9 R141C
100 ## - MAIN ENTRY--PERSONAL NAME
Personal name Raman, Meenakshi
245 #0 - TITLE STATEMENT
Title Critical perspectives in American literature
260 ## - PUBLICATION, DISTRIBUTION, ETC. (IMPRINT)
Place of publication, distribution, etc New Delhi
Name of publisher, distributor, etc Atlantic Publishers
Date of publication, distribution, etc 2005
300 ## - PHYSICAL DESCRIPTION
Pages x, 238 p.
942 ## - ADDED ENTRY ELEMENTS (KOHA)
Koha item type Books
Holdings
Withdrawn status Lost status Damaged status Not for loan Location (home branch) Sublocation or collection (holding branch) Date acquired Koha issues (times borrowed) Koha full call number Accession No. Koha date last seen Koha item type
        VIVEKANANDA LIBRARY VIVEKANANDA LIBRARY 27/06/2012   810.9 R141C 291869 17/09/2023 Books
© Designed and Maintained by Vivekananda Library, MDU Rohtak